书目信息 |
| 题名: |
2016中国年度作品
|
|
| 作者: | 付秀莹 主编 | |
| 分册: | 短篇小说 | |
| 出版信息: | 北京 现代出版社 2017 |
|
| 页数: | 326页 | |
| 开本: | 23cm | |
| 丛书名: | ||
| 单 册: | ||
| 中图分类: | I217.61 , I247.7 | |
| 科图分类: | ||
| 主题词: | 中国文学--zhong guo wen xue--当代文学--选集 , 短篇小说--duan pian xiao shuo--小说集--中国--当代 | |
| 电子资源: | ||
| ISBN: | 978-7-5143-5440-9 | |
| 000 | 00861nam0 22002531 450 | |
| 001 | 0118172226 | |
| 005 | 20170618172226.0 | |
| 010 | @a978-7-5143-5440-9@dCNY39.80 | |
| 100 | @a20170428d2017 em y0chiy50 ea | |
| 101 | 0 | @achi |
| 102 | @aCN@b110000 | |
| 105 | @ay z 000ay | |
| 106 | @ar | |
| 200 | 1 | @a2016中国年度作品@A2016zhong guo nian du zuo pin@i短篇小说@f付秀莹主编 |
| 210 | @a北京@c现代出版社@d2017 | |
| 215 | @a326页@d23cm | |
| 330 | @a本书收录了刘庆邦、韩少功、杨少衡、哲贵等28位作家的28篇佳作,包括:小心、老鬼、喜盈门、爱从结束开始、带你飞、地下眼等。 | |
| 606 | 0 | @a中国文学@Azhong guo wen xue@x当代文学@j选集 |
| 606 | 0 | @a短篇小说@Aduan pian xiao shuo@x小说集@y中国@z当代 |
| 690 | @aI217.61@v5 | |
| 690 | @aI247.7@v5 | |
| 701 | 0 | @a付秀莹@Afu xiu ying@4主编 |
| 801 | 0 | @aCN@bTANGWEI@c20170615 |
| 905 | @b1008867-72@dI217.61@e789@f6 | |
| 2016中国年度作品.短篇小说/付秀莹主编.-北京:现代出版社,2017 |
| 326页;23cm |
| ISBN 978-7-5143-5440-9:CNY39.80 |
| 本书收录了刘庆邦、韩少功、杨少衡、哲贵等28位作家的28篇佳作,包括:小心、老鬼、喜盈门、爱从结束开始、带你飞、地下眼等。 |
| ● |
| 相关链接 |
|
|
|
|
正题名:2016中国年度作品
索取号:I217.61/789
 
预约/预借
| 序号 | 登录号 | 条形码 | 馆藏地/架位号 | 状态 | 备注 |
| 1 | 1008867 | 210088670 | 第一样本阅览室/ [索取号:I217.61/789] | 在馆 | |
| 2 | 1008868 | 210088689 | 教育系资料室/ [索取号:I217.61/789] | 在馆 | |
| 3 | 1008869 | 210088698 | 教育系资料室/ [索取号:I217.61/789] | 在馆 | |
| 4 | 1008870 | 210088705 | 教育系资料室/ [索取号:I217.61/789] | 在馆 | |
| 5 | 1008871 | 210088714 | 第二借阅区/ [索取号:I217.61/789] | 在馆 | |
| 6 | 1008872 | 210088723 | 第二借阅区/ [索取号:I217.61/789] | 在馆 |